1973 1331 1139 1894 1034 1359 1078 1609 1929 1092 1333 1743 1241 1468 1425 1569 1551 1628 1017 1233 1113 1812 1262 1695 1432 1765 1119 1870 1414 1974 1711 1237 1444 1953 1388 1513 1777 1694 1746 1229 1174 1944 1502 1656 1151 1755 1172 1124 1858 1076 1261 1747 1916 1077 1829 1839 1301 1297 1595 1719 1582 1608 1467 1369 1809 1570 1035 1108 1758 1612 1493 1589 1232 1597 1838 1574 1790 1172 1914 1582 1987 1793 1469 1973 1087 1813 1033 1373 1286 1094 1286 1544 1850 1333 1257 1486 1065 1265 1180 BCNSPRNW ULIB Ver.6.0+V

เปลี่ยนเป็นภาษาไทย

Change to English
 แสดงรายละเอียดบรรณานุกรม
  กลับหน้าหลัก

Brief Record : Get Marc (ISO 2709) : E-mail record : QR code < ปิดหน้าต่าง
LEADER : 00000nam 2200000uu 4500
001    13399121166
003     ULIB
008    121107s2548||||th 000 0 tha d
020    ^a9749940334
050  4 ^aLB^bป467ก
110    ^aจุฬาลงกรณ์มหาวิทยาลัย
245    ^aการใช้เหตุผล:ตรรกวิทยาเชิงปฏิบัติการ/^cจุฬาลงกรณ์มหาวิทยาลัย
250    ^aพิมพ์ครั้งที่ 8
260    ^aกรุงเทพฯ :^bจุฬาลงกรณ์มหาวิทยาลัย.,^c2548
300    ^a241 หน้า;^b21 ซม.
650    ^aการอ้างเหตุผล
650    ^aตรรกวิทยา
650    ^aความคิดและการคิด
945    ^p150^l0^i24028
950    ^aวิภา
999    ^aวิภา
รายการนี้ยังไม่มีแท็ก
คุณยังไม่ได้ล็อกอิน คุณสามารถมีกิจกรรมร่วมกับเว็บไซต์ได้ แต่ต้องล็อกอินก่อน ::
  ล็อกอิน

รายการสื่อสารสนเทศ

ลำดับที่ ประเภท เลขเรียก/บาร์โค้ด สถานที่ สถานะ
1. วิทยาศาสตร์การแพทย์ และสุขภาพ
วิทยาศาสตร์การแพทย์ และสุขภาพ
LB ป467ก  
  Barcode: 24028
ห้องสมุดวิทยาเขตสวรรค์ประชารักษ์
►หนังสือทั่วไป
บนชั้น

รายการใกล้เคียง
    หัวเรื่อง [ตรรกวิทยา]
    หัวเรื่อง [ความคิดและการคิด]

BibComment


ยังไม่เคยถูกคอมเมนท์

คอมเมนท์ทรัพยากรรายการนี้
  คอมเมนท์: การใช้เหตุผลตรรก..


 Copyright 2026. Bcnsprnw @Library